[Event "WYCC U18 Open 2019"]
[Site "Mumbai"]
[Date "2019.10.12"]
[Round "11.4"]
[White "Gazik, Viktor"]
[Black "Wang, Shixu B"]
[Result "0-1"]
[WhiteElo "2546"]
[BlackElo "2370"]
[Annotator "ChessBase"]
[PlyCount "106"]
[EventDate "2019.10.02"]
[EventType "swiss"]
[EventCountry "IND"]
[SourceTitle "playchess.com"]
[Source "ChessBase"]
[SourceQuality "1"]
[TimeControl "40/5400+30:1800+30"]

1. e4 {[%emt 0:00:47]} e5 {[%emt 0:00:00]} 2. Bc4 {[%emt 0:02:51]} Nf6 {[%emt 0:00:58]} 3. d3 {[%emt 0:00:07]} c6 {[%emt 0:01:50]} 4. Nf3 {[%emt 0:04:25]} d5 {[%emt 0:04:17]} 5. Bb3 {[%emt 0:01:46]} Bd6 {[%emt 0:03:09]} 6. Nc3 {[%emt 0:10:39]} dxe4 {[%emt 0:10:14]} 7. dxe4 {[%emt 0:01:50]} O-O {[%emt 0:00:52]} 8. O-O {[%emt 0:04:03]} Na6 {[%emt 0:00:18]} 9. Nh4 {[%emt 0:08:13]} Nc5 {[%emt 0:04:09]} 10. Qf3 {[%emt 0:03:14]} a5 {[%emt 0:09:55]} 11. Be3 {[%emt 0:17:47]} Ng4 {[%emt 0:06:44]} 12. g3 {[%emt 0:04:14]} Nxe3 {[%emt 0:01:42]} 13. Qxe3 {[%emt 0:00:15]} a4 {[%emt 0:01:44]} 14. Bc4 {[%emt 0:00:18]} b5 {[%emt 0:00:30]} 15. Be2 {[%emt 0:00:13]} Ne6 {[%emt 0:01:47]} 16. Bd3 {[%emt 0:05:13]} Bc5 {[%emt 0:01:11]} 17. Qd2 {[%emt 0:01:19]} Ng5 {[%emt 0:03:54]} 18. Qe2 {[%emt 0:04:08]} a3 {[%emt 0:00:52]} 19. Rad1 {[%emt 0:05:28]} Nh3+ {[%emt 0:04:41]} 20. Kh1 {[%emt 0:00:23]} axb2 {[%emt 0:02:12]} 21. Nf5 {[%emt 0:01:46]} Qg5 {[%emt 0:03:55]} 22. f4 {[%emt 0:02:43]} exf4 {[%emt 0:01:46]} 23. Qg2 {[%emt 0:01:42]} Nf2+ {[%emt 0:06:13]} 24. Rxf2 {[%emt 0:00:45]} Bxf2 {[%emt 0:00:06]} 25. Qxf2 {[%emt 0:00:20]} fxg3 {[%emt 0:00:28]} 26. Nxg3 {[%emt 0:09:28]} b4 {[%emt 0:00:35]} 27. Nb1 {[%emt 0:01:06]} Rxa2 {[%emt 0:03:41]} 28. c3 {[%emt 0:03:32]} Rd8 {[%emt 0:05:22]} 29. cxb4 {[%emt 0:02:04]} Be6 {[%emt 0:01:43]} 30. Ne2 {[%emt 0:03:37]} Qf6 {[%emt 0:03:02]} 31. Qxf6 {[%emt 0:00:27]} gxf6 {[%emt 0:00:01]} 32. Nec3 {[%emt 0:00:07]} Ra1 {[%emt 0:00:36]} 33. Rg1+ {[%emt 0:01:08]} Kf8 {[%emt 0:00:04]} 34. Bc2 {[%emt 0:00:04]} Ke7 {[%emt 0:10:44]} 35. Kg2 {[%emt 0:00:21]} Rd4 {[%emt 0:00:59]} 36. Kf2 {[%emt 0:00:58]} Rxb4 {[%emt 0:00:16]} 37. Ke3 {[%emt 0:00:06]} Ra5 {[%emt 0:00:12]} 38. Rg2 {[%emt 0:00:49]} Rh5 {[%emt 0:00:12]} 39. Ba4 {[%emt 0:00:42]} Rh3+ {[%emt 0:00:37]} 40. Rg3 {[%emt 0:00:10]} Rxh2 {[%emt 0:01:39]} 41. Bxc6 {[%emt 0:30:06]} h5 {[%emt 0:30:53]} 42. Bd5 {[%emt 0:00:00]} Rh3 {[%emt 0:00:00]} 43. Kf4 {[%emt 0:00:00]} Rxg3 {[%emt 0:00:00]} 44. Kxg3 {[%emt 0:00:00]} Kd6 {[%emt 0:00:00]} 45. Bxe6 {[%emt 0:00:00]} fxe6 46. Kh4 {[%emt 0:00:00]} f5 {[%emt 0:00:00]} 47. Kxh5 {[%emt 0:00:00]} fxe4 {[%emt 0:00:00]} 48. Kg4 {[%emt 0:00:00]} Ke5 {[%emt 0:00:00]} 49. Ne2 {[%emt 0:00:00]} Rb3 {[%emt 0:00:00]} 50. Nf4 {[%emt 0:00:00]} Rf3 {[%emt 0:00:00]} 51. Ne2 {[%emt 0:00:00]} Rf2 {[%emt 0:00:00]} 52. Nec3 {[%emt 0:00:00]} Kd4 {[%emt 0:00:00]} 53. Kg3 {[%emt 0:00:00]} Rf3+ {[%emt 0:00:00]} 0-1

[Event "WYCC U18 Open 2019"]
[Site "Mumbai"]
[Date "2019.10.12"]
[Round "11.5"]
[White "Iniyan, P."]
[Black "Zarubitski, Viachaslau"]
[Result "1/2-1/2"]
[WhiteElo "2509"]
[BlackElo "2435"]
[Annotator "ChessBase"]
[PlyCount "61"]
[EventDate "2019.10.02"]
[EventType "swiss"]
[EventCountry "IND"]
[SourceTitle "playchess.com"]
[Source "ChessBase"]
[SourceQuality "1"]
[TimeControl "40/5400+30:1800+30"]

1. d4 {[%emt 0:00:00]} d5 {[%emt 0:00:00]} 2. c4 {[%emt 0:00:00]} c6 {[%emt 0:00:00]} 3. Nf3 {[%emt 0:00:00]} Nf6 {[%emt 0:00:00]} 4. Nc3 {[%emt 0:00:06]} dxc4 {[%emt 0:00:00]} 5. a4 {[%emt 0:00:04]} Bf5 {[%emt 0:00:00]} 6. e3 {[%emt 0:00:07]} e6 {[%emt 0:00:00]} 7. Bxc4 {[%emt 0:00:06]} Bb4 {[%emt 0:00:00]} 8. O-O {[%emt 0:00:09]} Nbd7 {[%emt 0:00:00]} 9. Qe2 {[%emt 0:00:07]} O-O {[%emt 0:00:14]} 10. e4 {[%emt 0:00:05]} Bg6 {[%emt 0:00:02]} 11. Bd3 {[%emt 0:00:06]} Bh5 {[%emt 0:00:10]} 12. e5 {[%emt 0:00:04]} Nd5 {[%emt 0:00:04]} 13. Nxd5 {[%emt 0:00:06]} cxd5 {[%emt 0:00:24]} 14. Qe3 {[%emt 0:00:06]} Bg6 {[%emt 0:05:27]} 15. Ng5 {[%emt 0:08:13]} Re8 {[%emt 0:01:25]} 16. f4 {[%emt 0:03:11]} Nf8 {[%emt 0:01:49]} 17. g4 {[%emt 0:23:59]} Bxd3 {[%emt 0:19:58]} 18. Qxd3 {[%emt 0:00:02]} Rc8 {[%emt 0:00:23]} 19. Be3 {[%emt 0:12:51]} Be7 {[%emt 0:04:15]} 20. Nf3 {[%emt 0:00:11]} Qc7 {[%emt 0:00:16]} 21. Rfc1 {[%emt 0:15:49]} Qd7 {[%emt 0:01:27]} 22. Qb5 {[%emt 0:04:49]} Rxc1+ {[%emt 0:00:59]} 23. Rxc1 {[%emt 0:00:06]} Rc8 {[%emt 0:00:02]} 24. Qxd7 {[%emt 0:02:51]} Rxc1+ {[%emt 0:00:03]} 25. Bxc1 {[%emt 0:00:06]} Nxd7 {[%emt 0:00:01]} 26. Bd2 {[%emt 0:00:09]} a6 {[%emt 0:01:39]} 27. Kf2 {[%emt 0:00:14]} Nb8 {[%emt 0:00:35]} 28. Ke3 {[%emt 0:00:08]} Nc6 {[%emt 0:00:02]} 29. Ne1 {[%emt 0:00:34]} Kf8 {[%emt 0:01:05]} 30. Nc2 {[%emt 0:00:26]} Ke8 {[%emt 0:00:23]} 31. Kd3 {[%emt 0:00:17]} 1/2-1/2

[Event "WYCC U18 Open 2019"]
[Site "Mumbai"]
[Date "2019.10.12"]
[Round "11.6"]
[White "Rahul Srivatshav P"]
[Black "Mitrabha, Guha"]
[Result "1-0"]
[WhiteElo "2460"]
[BlackElo "2434"]
[Annotator "ChessBase"]
[PlyCount "51"]
[EventDate "2019.10.02"]
[EventType "swiss"]
[EventCountry "IND"]
[SourceTitle "playchess.com"]
[Source "ChessBase"]
[SourceQuality "1"]
[TimeControl "40/5400+30:1800+30"]

1. d4 {[%emt 0:00:00]} Nf6 {[%emt 0:04:09]} 2. c4 {[%emt 0:00:00]} e6 {[%emt 0:00:06]} 3. Nc3 {[%emt 0:00:00]} Bb4 {[%emt 0:00:10]} 4. Qc2 {[%emt 0:00:00]} O-O {[%emt 0:00:17]} 5. Nf3 {[%emt 0:00:00]} c5 {[%emt 0:00:14]} 6. dxc5 {[%emt 0:00:00]} Na6 {[%emt 0:00:14]} 7. g3 {[%emt 0:00:00]} Nxc5 {[%emt 0:00:28]} 8. Bg2 {[%emt 0:00:03]} b6 {[%emt 0:01:17]} 9. O-O {[%emt 0:00:06]} Bb7 {[%emt 0:01:24]} 10. Nb5 {[%emt 0:00:09]} Nce4 {[%emt 0:06:30]} 11. Ng5 {[%emt 0:00:06]} d5 {[%emt 0:00:06]} 12. Nxe4 {[%emt 0:00:03]} Nxe4 {[%emt 0:01:04]} 13. a3 {[%emt 0:00:05]} Be7 {[%emt 0:00:24]} 14. Bf4 {[%emt 0:00:24]} a6 {[%emt 0:01:12]} 15. Nc7 {[%emt 0:24:45]} Ra7 {[%emt 0:01:28]} 16. cxd5 {[%emt 0:02:30]} exd5 {[%emt 0:00:05]} 17. Rfd1 {[%emt 0:00:44]} Qc8 {[%emt 0:00:29]} 18. Rac1 {[%emt 0:03:16]} Bc5 {[%emt 0:02:27]} 19. Bxe4 {[%emt 0:04:07]} dxe4 {[%emt 0:00:06]} 20. b4 {[%emt 0:00:06]} g5 {[%emt 0:10:39]} 21. bxc5 {[%emt 0:10:05]} gxf4 {[%emt 0:00:07]} 22. cxb6 {[%emt 0:00:03]} Qh3 {[%emt 0:01:24]} 23. gxf4 {[%emt 0:03:51]} e3 {[%emt 0:01:12]} 24. f3 {[%emt 0:00:07]} Kh8 {[%emt 0:13:45]} 25. Qc3+ {[%emt 0:00:18]} f6 {[%emt 0:00:05]} 26. Rd8 {[%emt 0:00:05]} 1-0

[Event "WYCC U18 Open 2019"]
[Site "Mumbai"]
[Date "2019.10.12"]
[Round "11.7"]
[White "Bykov, Oleg"]
[Black "Om Kharola"]
[Result "1-0"]
[WhiteElo "2370"]
[BlackElo "2328"]
[Annotator "ChessBase"]
[PlyCount "51"]
[EventDate "2019.10.02"]
[EventType "swiss"]
[EventCountry "IND"]
[SourceTitle "playchess.com"]
[Source "ChessBase"]
[SourceQuality "1"]
[TimeControl "40/5400+30:1800+30"]

1. d4 d5 2. c4 e6 3. Nc3 Nf6 4. cxd5 exd5 5. Bg5 c6 6. e3 Nbd7 7. Bd3 Be7 8. Qc2 Nf8 9. O-O-O Ne6 10. Bxf6 Bxf6 11. f4 g6 12. f5 Ng7 13. g4 Bg5 14. Kb1 O-O 15. e4 dxe4 16. Bxe4 Qf6 17. h4 Be3 18. Nf3 gxf5 19. g5 Qd6 20. Bd3 f6 21. Rhe1 Bf4 22. Bc4+ Kh8 23. d5 a6 24. dxc6 Qxc6 25. gxf6 Rxf6 26. Rd8+ 1-0

[Event "WYCC U18 Open 2019"]
[Site "Mumbai"]
[Date "2019.10.12"]
[Round "11.8"]
[White "Pultinevicius, Paulius"]
[Black "Aditya Mittal"]
[Result "1-0"]
[WhiteElo "2503"]
[BlackElo "2430"]
[Annotator "ChessBase"]
[PlyCount "89"]
[EventDate "2019.10.02"]
[EventType "swiss"]
[EventCountry "IND"]
[SourceTitle "playchess.com"]
[Source "ChessBase"]
[SourceQuality "1"]
[TimeControl "40/5400+30:1800+30"]

1. Nf3 {[%emt 0:00:00]} d5 {[%emt 0:00:00]} 2. g3 {[%emt 0:00:00]} Nf6 {[%emt 0:00:00]} 3. Bg2 {[%emt 0:00:00]} c5 {[%emt 0:00:06]} 4. O-O {[%emt 0:00:10]} e6 {[%emt 0:00:05]} 5. c4 {[%emt 0:00:48]} d4 {[%emt 0:00:08]} 6. d3 {[%emt 0:00:31]} Nc6 {[%emt 0:01:06]} 7. e3 {[%emt 0:00:07]} Be7 {[%emt 0:08:20]} 8. exd4 {[%emt 0:01:08]} cxd4 {[%emt 0:00:09]} 9. Bg5 {[%emt 0:02:00]} O-O {[%emt 0:06:07]} 10. Na3 {[%emt 0:02:13]} h6 {[%emt 0:05:59]} 11. Bxf6 {[%emt 0:00:24]} Bxf6 {[%emt 0:00:02]} 12. Nc2 {[%emt 0:00:46]} a5 {[%emt 0:00:05]} 13. Nd2 {[%emt 0:03:24]} Bd7 {[%emt 0:04:53]} 14. Re1 {[%emt 0:02:58]} Rb8 {[%emt 0:02:15]} 15. Rc1 {[%emt 0:04:47]} Qb6 {[%emt 0:04:25]} 16. Rb1 {[%emt 0:10:47]} Nb4 {[%emt 0:05:24]} 17. Nxb4 {[%emt 0:06:33]} axb4 {[%emt 0:00:10]} 18. a3 {[%emt 0:00:07]} Be7 {[%emt 0:11:31]} 19. Nf3 {[%emt 0:00:13]} Bc6 {[%emt 0:08:38]} 20. Ne5 {[%emt 0:04:03]} Bxg2 {[%emt 0:01:20]} 21. Kxg2 {[%emt 0:00:05]} bxa3 {[%emt 0:00:32]} 22. bxa3 {[%emt 0:00:33]} Qc7 {[%emt 0:00:10]} 23. a4 {[%emt 0:01:14]} Bd6 {[%emt 0:06:26]} 24. Rb5 {[%emt 0:02:05]} Ra8 {[%emt 0:00:15]} 25. Nf3 {[%emt 0:04:08]} Bc5 {[%emt 0:01:33]} 26. Re4 {[%emt 0:04:13]} Rfd8 {[%emt 0:01:47]} 27. g4 {[%emt 0:01:11]} f5 {[%emt 0:12:13]} 28. Rxe6 {[%emt 0:03:10]} fxg4 {[%emt 0:00:25]} 29. Nd2 {[%emt 0:05:54]} h5 {[%emt 0:05:36]} 30. Ne4 {[%emt 0:03:54]} b6 {[%emt 0:00:04]} 31. h3 {[%emt 0:21:34]} Qf4 {[%emt 0:06:19]} 32. hxg4 {[%emt 0:01:18]} hxg4 {[%emt 0:00:38]} 33. Rg6 {[%emt 0:03:15]} Qf3+ {[%emt 0:01:10]} 34. Qxf3 {[%emt 0:00:05]} gxf3+ {[%emt 0:00:03]} 35. Kg3 {[%emt 0:01:25]} Kh7 {[%emt 0:05:13]} 36. Rg4 {[%emt 0:03:02]} Rxa4 {[%emt 0:00:32]} 37. Nxc5 {[%emt 0:00:24]} bxc5 {[%emt 0:00:03]} 38. Rxc5 {[%emt 0:01:20]} Ra2 {[%emt 0:03:47]} 39. Rc7 {[%emt 0:00:43]} Rd2 {[%emt 0:00:54]} 40. Rcxg7+ {[%emt 0:00:14]} Kh6 {[%emt 0:00:51]} 41. R7g6+ {[%emt 0:30:05]} Kh7 {[%emt 0:30:08]} 42. R6g5 {[%emt 0:00:05]} Rd6 {[%emt 0:00:00]} 43. Rh5+ {[%emt 0:00:00]} Rh6 {[%emt 0:00:00]} 44. Rxh6+ {[%emt 0:00:00]} Kxh6 {[%emt 0:00:00]} 45. Rxd4 {[%emt 0:00:00]} 1-0

[Event "WYCC U18 Open 2019"]
[Site "Mumbai"]
[Date "2019.10.12"]
[Round "11.9"]
[White "Zhalmakhanov, Ramazan"]
[Black "Gumularz, Szymon"]
[Result "1/2-1/2"]
[WhiteElo "2374"]
[BlackElo "2505"]
[Annotator "ChessBase"]
[PlyCount "68"]
[EventDate "2019.10.02"]
[EventType "swiss"]
[EventCountry "IND"]
[SourceTitle "playchess.com"]
[Source "ChessBase"]
[SourceQuality "1"]
[TimeControl "40/5400+30:1800+30"]

1. e4 {[%emt 0:00:00]} e5 {[%emt 0:00:17]} 2. Nf3 {[%emt 0:00:00]} Nc6 {[%emt 0:00:04]} 3. Bb5 {[%emt 0:00:00]} a6 {[%emt 0:00:08]} 4. Ba4 {[%emt 0:00:00]} Nf6 {[%emt 0:00:11]} 5. O-O {[%emt 0:00:04]} Be7 {[%emt 0:00:09]} 6. Re1 {[%emt 0:00:07]} b5 {[%emt 0:00:08]} 7. Bb3 {[%emt 0:00:06]} O-O {[%emt 0:00:11]} 8. a4 {[%emt 0:00:36]} b4 {[%emt 0:04:11]} 9. d3 {[%emt 0:00:08]} d6 {[%emt 0:00:49]} 10. Nbd2 {[%emt 0:00:16]} h6 {[%emt 0:04:50]} 11. h3 {[%emt 0:01:42]} Na5 {[%emt 0:25:49]} 12. Ba2 {[%emt 0:00:12]} c5 {[%emt 0:00:24]} 13. c3 {[%emt 0:02:31]} Rb8 {[%emt 0:05:16]} 14. d4 {[%emt 0:04:44]} cxd4 {[%emt 0:16:45]} 15. cxd4 {[%emt 0:00:06]} Qc7 {[%emt 0:00:07]} 16. Nf1 {[%emt 0:16:08]} b3 {[%emt 0:04:04]} 17. Bb1 {[%emt 0:00:06]} Bd7 {[%emt 0:01:48]} 18. Bd2 {[%emt 0:06:03]} exd4 {[%emt 0:11:25]} 19. Nxd4 {[%emt 0:00:28]} Nc4 {[%emt 0:00:16]} 20. Bc3 {[%emt 0:00:49]} Nb6 {[%emt 0:00:55]} 21. Nxb3 {[%emt 0:03:40]} Nxa4 {[%emt 0:03:11]} 22. Bd4 {[%emt 0:00:06]} Be6 {[%emt 0:01:31]} 23. Bc2 {[%emt 0:06:35]} Rb4 {[%emt 0:00:38]} 24. Ne3 {[%emt 0:12:05]} Rfb8 {[%emt 0:08:07]} 25. Ra3 {[%emt 0:14:26]} Nd7 {[%emt 0:03:12]} 26. Qa1 {[%emt 0:09:32]} Bg5 {[%emt 0:06:43]} 27. Rxa4 {[%emt 0:10:25]} Rxa4 {[%emt 0:00:42]} 28. Qxa4 {[%emt 0:00:01]} Bxe3 {[%emt 0:00:08]} 29. Bxe3 {[%emt 0:00:08]} Qxc2 {[%emt 0:00:05]} 30. Nc5 {[%emt 0:00:03]} Qxa4 {[%emt 0:00:50]} 31. Nxa4 {[%emt 0:00:01]} Rb4 {[%emt 0:00:07]} 32. Ra1 {[%emt 0:00:08]} Rxe4 {[%emt 0:01:10]} 33. Nc3 {[%emt 0:00:05]} Rb4 {[%emt 0:00:04]} 34. Rxa6 {[%emt 0:00:04]} Rxb2 {[%emt 0:00:04]} 1/2-1/2

[Event "WYCC U18 Open 2019"]
[Site "Mumbai"]
[Date "2019.10.12"]
[Round "11.10"]
[White "Sydoryka, Vladyslav"]
[Black "Raghunandan, Kaumandur Srihari"]
[Result "1/2-1/2"]
[WhiteElo "2247"]
[BlackElo "2449"]
[Annotator "ChessBase"]
[PlyCount "78"]
[EventDate "2019.10.02"]
[EventType "swiss"]
[EventCountry "IND"]
[SourceTitle "playchess.com"]
[Source "ChessBase"]
[SourceQuality "1"]
[TimeControl "40/5400+30:1800+30"]

1. c4 {[%emt 0:00:00]} e5 {[%emt 0:00:31]} 2. g3 {[%emt 0:00:00]} Nc6 {[%emt 0:00:33]} 3. Bg2 {[%emt 0:00:00]} h5 {[%emt 0:00:15]} 4. h4 {[%emt 0:01:07]} Bc5 {[%emt 0:00:27]} 5. Nc3 {[%emt 0:00:25]} a6 {[%emt 0:00:21]} 6. e3 {[%emt 0:00:39]} d6 {[%emt 0:00:16]} 7. Nge2 {[%emt 0:00:48]} Bg4 {[%emt 0:01:17]} 8. a3 {[%emt 0:00:54]} Nge7 {[%emt 0:01:55]} 9. f3 {[%emt 0:02:22]} Bf5 {[%emt 0:00:23]} 10. d4 {[%emt 0:00:08]} Ba7 {[%emt 0:00:17]} 11. b4 {[%emt 0:07:59]} Bg6 {[%emt 0:06:52]} 12. d5 {[%emt 0:08:36]} Nb8 {[%emt 0:00:10]} 13. e4 {[%emt 0:03:48]} c6 {[%emt 0:04:05]} 14. f4 {[%emt 0:05:52]} cxd5 {[%emt 0:09:27]} 15. f5 {[%emt 0:21:10]} Bh7 {[%emt 0:00:49]} 16. cxd5 {[%emt 0:04:10]} Nd7 {[%emt 0:06:36]} 17. Rf1 {[%emt 0:02:47]} Nf6 {[%emt 0:16:02]} 18. Bf3 {[%emt 0:01:56]} Rc8 {[%emt 0:07:40]} 19. Qd3 {[%emt 0:03:18]} Qd7 {[%emt 0:03:45]} 20. Bg5 {[%emt 0:02:12]} Ng4 {[%emt 0:01:26]} 21. Bxg4 {[%emt 0:01:05]} hxg4 {[%emt 0:00:08]} 22. Be3 {[%emt 0:10:59]} Bxe3 {[%emt 0:04:20]} 23. Qxe3 {[%emt 0:00:09]} Ng8 {[%emt 0:00:06]} 24. Qg5 {[%emt 0:01:11]} Nf6 {[%emt 0:00:06]} 25. Qxg7 {[%emt 0:00:48]} Ke7 {[%emt 0:00:07]} 26. Qg5 {[%emt 0:00:03]} Rc4 {[%emt 0:02:22]} 27. Rc1 {[%emt 0:04:40]} Rhc8 {[%emt 0:00:55]} 28. Kf2 {[%emt 0:01:02]} Qd8 {[%emt 0:08:38]} 29. Qe3 {[%emt 0:02:14]} R8c7 {[%emt 0:03:33]} 30. Kg2 {[%emt 0:00:48]} Qc8 {[%emt 0:00:23]} 31. Rfd1 {[%emt 0:02:14]} b5 {[%emt 0:00:31]} 32. Kh2 {[%emt 0:00:39]} Qb7 {[%emt 0:11:07]} 33. Kg2 {[%emt 0:00:26]} Qa7 {[%emt 0:01:06]} 34. Kf2 {[%emt 0:00:29]} Qxe3+ {[%emt 0:00:42]} 35. Kxe3 {[%emt 0:00:01]} Kd7 {[%emt 0:00:10]} 36. Rf1 {[%emt 0:05:40]} Kc8 {[%emt 0:00:36]} 37. Kd3 {[%emt 0:00:09]} Kb7 {[%emt 0:00:22]} 38. Rb1 {[%emt 0:00:24]} Rc8 {[%emt 0:01:34]} 39. Rb2 {[%emt 0:00:38]} R8c7 {[%emt 0:00:32]} 1/2-1/2

[Event "WYCC U18 Open 2019"]
[Site "Mumbai"]
[Date "2019.10.12"]
[Round "11.11"]
[White "Kozak, Antoni"]
[Black "Blohberger, Felix"]
[Result "1/2-1/2"]
[WhiteElo "2354"]
[BlackElo "2448"]
[Annotator "TA"]
[PlyCount "79"]
[EventDate "2019.10.02"]
[EventType "swiss"]
[EventCountry "IND"]
[SourceTitle "playchess.com"]
[Source "ChessBase"]
[SourceQuality "1"]

{[%evp 22,79,1,-9,2,-3,18,14,18,0,0,-25,6,0,0,0,6,-17,0,-21,-7,-5,-12,-12,7,2,7,4,8,3,7,14,18,24,32,30,33,31,31,18,31,-15,-8,-2,-4,-33,-33,-33,-33,-33,-33,-33,-29,-54,-54,-54,-54,-54,-58,-245]} 1. d4 Nf6 2. c4 e6 3. Nc3 Bb4 4. e3 d5 5. Nf3 O-O 6. Bd3 dxc4 7. Bxc4 c5 8. a3 Bxc3+ 9. bxc3 Qc7 10. Be2 b6 11. O-O Nc6 {[%cal Bb8c6,Bc6e7,Be7f5][%mdl 32]} 12. Bb2 Rd8 {E59: Nimzo-Indian: Rubinstein: Main Line: 7...Nc6 8 a3 Bxc3 9 bxc3 dxc4} 13. c4 Ne7 (13... Bb7 14. Qc2 cxd4 15. exd4 Qf4 16. Rfd1 Rac8 17. Bc1 Qe4 18. Bd3 Qg4 19. h3 Qh5 {1-0 (31) Istratescu,A (2639)-Bauer,C (2637) Switzerland 2015}) 14. Re1 $146 ({Predecessor:} 14. Qc2 Bb7 15. Ne5 Ng6 16. Bd3 cxd4 17. exd4 Nf4 18. f3 Nxd3 19. Qxd3 Rac8 20. Rac1 Qe7 21. Rfd1 Nd7 22. Qe3 Nxe5 23. Qxe5 Qd6 24. Qe3 Re8 25. Rd2 Ba6 {½-½ (25) Bengtsson,J (2087)-Arnelind,M (2167) Gothenburg 2014}) 14... Bb7 {The position is equal.} 15. Qb3 Rac8 16. Rac1 Nf5 17. Red1 cxd4 18. exd4 Qf4 19. g3 Qe4 20. Qd3 Nd6 {Hoping for ...Qxd3.} 21. Qxe4 Nfxe4 22. Ne5 Ba6 23. f3 Nf6 24. Kf2 Nb7 25. Bc3 Nd7 26. Bb4 Nxe5 27. dxe5 h6 28. Rxd8+ Rxd8 29. Ke3 Nc5 30. a4 Nb3 31. Rd1 (31. Rc3 {seems wilder.} Nd4 32. Bd3 Nf5+ 33. Kf2 g5 34. a5) 31... Rxd1 32. Bxd1 Bxc4 33. Bxb3 Bxb3 $11 {[%mdl 4096] Endgame KB-KB} 34. a5 bxa5 35. Bxa5 Kh7 36. Bb4 g5 37. h4 gxh4 {Black is slightly better.} 38. gxh4 Kg6 39. Kf4 Kh5 40. Ke4 $2 {Accuracy: White = 47%, Black = 69%.} (40. Kg3 $15) 1/2-1/2

[Event "WYCC U18 Open 2019"]
[Site "Mumbai"]
[Date "2019.10.12"]
[Round "11.12"]
[White "Petriashvili, Nikoloz"]
[Black "Garidmagnai, Byambasuren"]
[Result "0-1"]
[WhiteElo "2441"]
[BlackElo "2327"]
[Annotator "ChessBase"]
[PlyCount "108"]
[EventDate "2019.10.02"]
[EventType "swiss"]
[EventCountry "IND"]
[SourceTitle "playchess.com"]
[Source "ChessBase"]
[SourceQuality "1"]
[TimeControl "40/5400+30:1800+30"]

1. d4 {[%emt 0:00:00]} Nf6 {[%emt 0:00:31]} 2. Nf3 {[%emt 0:00:00]} g6 {[%emt 0:00:06]} 3. g3 {[%emt 0:00:00]} Bg7 {[%emt 0:00:04]} 4. Bg2 {[%emt 0:00:03]} O-O {[%emt 0:00:07]} 5. O-O {[%emt 0:00:04]} d6 {[%emt 0:00:04]} 6. b3 {[%emt 0:00:20]} a5 {[%emt 0:01:18]} 7. Nc3 {[%emt 0:01:59]} Na6 {[%emt 0:02:53]} 8. Bb2 {[%emt 0:02:24]} c5 {[%emt 0:00:15]} 9. Re1 {[%emt 0:01:56]} Bd7 {[%emt 0:02:55]} 10. a4 {[%emt 0:06:05]} Rc8 {[%emt 0:02:46]} 11. Nb5 {[%emt 0:00:01]} cxd4 {[%emt 0:01:29]} 12. Nfxd4 {[%emt 0:00:15]} Qb6 {[%emt 0:00:25]} 13. c4 {[%emt 0:06:30]} Nc5 {[%emt 0:01:52]} 14. Nc3 {[%emt 0:02:38]} Bc6 {[%emt 0:01:11]} 15. e4 {[%emt 0:01:21]} Nfd7 {[%emt 0:02:42]} 16. Ndb5 {[%emt 0:09:03]} Qd8 {[%emt 0:02:25]} 17. Rb1 {[%emt 0:02:18]} Ne5 {[%emt 0:07:56]} 18. Re3 {[%emt 0:05:37]} Bxb5 {[%emt 0:12:49]} 19. Nxb5 {[%emt 0:00:36]} Qd7 {[%emt 0:01:34]} 20. h3 {[%emt 0:03:09]} Nc6 {[%emt 0:04:15]} 21. f4 {[%emt 0:02:03]} Rcd8 {[%emt 0:03:05]} 22. Qf1 {[%emt 0:03:26]} e5 {[%emt 0:03:11]} 23. f5 {[%emt 0:07:22]} Nd4 {[%emt 0:01:57]} 24. Qd1 {[%emt 0:29:08]} Nxb5 {[%emt 0:02:22]} 25. axb5 {[%emt 0:00:42]} gxf5 {[%emt 0:00:10]} 26. exf5 {[%emt 0:00:41]} Qxf5 {[%emt 0:00:06]} 27. b6 {[%emt 0:02:59]} Qg5 {[%emt 0:01:57]} 28. Bc1 {[%emt 0:02:08]} f5 {[%emt 0:02:02]} 29. Rxe5 {[%emt 0:02:06]} Qxg3 {[%emt 0:00:20]} 30. Qd5+ {[%emt 0:01:41]} Kh8 {[%emt 0:00:13]} 31. Re3 {[%emt 0:01:01]} Qg6 {[%emt 0:00:28]} 32. Bb2 {[%emt 0:01:42]} f4 {[%emt 0:01:47]} 33. Bxg7+ {[%emt 0:00:23]} Qxg7 {[%emt 0:02:09]} 34. Rf3 {[%emt 0:00:07]} Qe5 {[%emt 0:03:02]} 35. Rd1 {[%emt 0:00:38]} Rg8 {[%emt 0:01:14]} 36. Kf1 {[%emt 0:01:13]} Rde8 {[%emt 0:06:05]} 37. Rf2 {[%emt 0:01:36]} Rg6 {[%emt 0:01:17]} 38. Qd4 {[%emt 0:01:46]} Rf6 {[%emt 0:02:23]} 39. Rf3 {[%emt 0:03:13]} Qxd4 {[%emt 0:04:12]} 40. Rxd4 {[%emt 0:00:06]} Re3 {[%emt 0:00:17]} 41. Kf2 {[%emt 0:07:35]} Rxb3 {[%emt 0:02:51]} 42. Rxb3 {[%emt 0:00:50]} Nxb3 {[%emt 0:00:06]} 43. Re4 {[%emt 0:00:04]} f3 {[%emt 0:03:53]} 44. Re8+ {[%emt 0:02:05]} Kg7 {[%emt 0:00:06]} 45. Re7+ {[%emt 0:02:21]} Kf8 {[%emt 0:00:38]} 46. Rxb7 {[%emt 0:00:33]} fxg2+ {[%emt 0:00:05]} 47. Kxg2 {[%emt 0:01:01]} Nc5 {[%emt 0:00:24]} 48. Rxh7 {[%emt 0:01:37]} Rf7 {[%emt 0:00:34]} 49. Rh8+ {[%emt 0:00:19]} Kg7 {[%emt 0:00:43]} 50. Ra8 {[%emt 0:00:34]} a4 {[%emt 0:00:25]} 51. h4 {[%emt 0:01:08]} Rb7 {[%emt 0:00:15]} 52. Kg3 {[%emt 0:00:33]} Rxb6 {[%emt 0:00:05]} 53. Kg4 {[%emt 0:00:06]} Ra6 {[%emt 0:00:11]} 54. Rc8 {[%emt 0:00:15]} a3 {[%emt 0:00:08]} 0-1

[Event "WYCC U18 Open 2019"]
[Site "Mumbai"]
[Date "2019.10.12"]
[Round "11.13"]
[White "Mendonca, Leon Luke"]
[Black "Aliyev, Ravan"]
[Result "1-0"]
[WhiteElo "2388"]
[BlackElo "2341"]
[Annotator "ChessBase"]
[PlyCount "67"]
[EventDate "2019.10.02"]
[EventType "swiss"]
[EventCountry "IND"]
[SourceTitle "playchess.com"]
[Source "ChessBase"]
[SourceQuality "1"]
[TimeControl "40/5400+30:1800+30"]

1. d4 e6 2. Nf3 Nf6 3. Bf4 d5 4. e3 Bd6 5. Bg3 O-O 6. Nbd2 c5 7. c3 Qc7 8. Bd3 Nbd7 9. Bxd6 Qxd6 10. O-O e5 11. dxe5 Nxe5 12. Nxe5 Qxe5 13. Nf3 Qc7 14. h3 b6 15. Be2 Bb7 16. a4 Rfd8 17. a5 Bc6 18. Qb3 Ne4 19. Qa3 Rdb8 20. Rfd1 h6 21. Nd2 Ng5 22. b4 Qe7 23. b5 Bd7 24. Nf3 bxa5 25. Nxg5 hxg5 26. Qxa5 Be6 27. c4 Rd8 28. Bf3 Rab8 29. cxd5 Bd7 30. Qxa7 Rxb5 31. d6 Qf6 32. Qc7 Rb2 33. Rab1 Ra2 34. Rb8 1-0